| Tag |
First Indicator |
Second Indicator |
Subfields |
| LEADER |
00000cam a2200000 4500 |
| 001 |
in00000032780 |
| 005 |
20151007063218.0 |
| 008 |
730108s1965 enk b 00000 eng |
| 010 |
|
|
|a 66004956
|
| 035 |
|
|
|a (OCoLC)00530212
|
| 035 |
|
|
|9 AAD6823AM
|
| 040 |
|
|
|a DLC
|c CSU
|d TXA
|d UtOrBLW
|
| 049 |
|
|
|a TXAM
|c [466031]
|
| 050 |
|
0 |
|a PR3539
|b .K65 1965
|
| 082 |
0 |
|
|a 821.4
|
| 092 |
|
|
|a 821
|b K52Yc
|
| 100 |
1 |
|
|a King, Henry,
|d 1592-1669.
|
| 245 |
1 |
0 |
|a Poems /
|c Edited by Margaret Crum.
|
| 264 |
|
1 |
|a Oxford :
|b Clarendon Press,
|c 1965.
|
| 300 |
|
|
|a xiii, 264 pages ;
|c 23 cm.
|
| 336 |
|
|
|a text
|b txt
|2 rdacontent
|
| 337 |
|
|
|a unmediated
|b n
|2 rdamedia
|
| 338 |
|
|
|a volume
|b nc
|2 rdacarrier
|
| 504 |
|
|
|a Includes bibliographical references.
|
| 700 |
1 |
|
|a Crum, Margaret.
|
| 999 |
|
|
|a MARS
|
| 999 |
f |
f |
|s a80e6606-491b-3970-9032-f7d08e51cff2
|i e5c2255c-05d2-3031-85ae-6b62ffb2bf8a
|t 0
|
| 952 |
f |
f |
|p normal
|a Texas A&M University
|b College Station
|c Sterling C. Evans Library
|d Evans: Library Stacks
|t 0
|e PR3539 .K65 1965
|h Library of Congress classification
|i unmediated -- volume
|m A14801281478
|
| 998 |
f |
f |
|a PR3539 .K65 1965
|t 0
|l Evans: Library Stacks
|